Statistics for Biggest Cities that are Largest in Their Country

Click here to take the quiz!

General Stats

  • This quiz has been taken 1,150 times
  • The average score is 17 of 20

Answer Stats

PopulationCountryCity% Correct
39,500,000JapanTokyo
97%
22,000,000United StatesNew York City
96%
14,400,000United KingdomLondon
93%
16,900,000RussiaMoscow
93%
26,400,000IndiaNew Delhi
93%
28,100,000IndonesiaJakarta
91%
21,800,000BrazilSão Paulo
90%
16,800,000EgyptCairo
89%
47,700,000ChinaGuangzhou
86%
22,100,000MexicoMexico City
86%
17,100,000NigeriaLagos
85%
15,800,000ArgentinaBuenos Aires
83%
24,400,000South KoreaSeoul
82%
14,300,000TurkeyIstanbul
81%
23,300,000PhilippinesManila
81%
16,900,000ThailandBangkok
77%
24,300,000PakistanKarachi
77%
13,700,000IranTehran
76%
13,400,000South AfricaJohannesburg
75%
17,600,000BangladeshDhaka
74%

Score Distribution

Percentile by Number Answered

Percent of People with Each Score

Your Score History

You have not taken this quiz